000 00518nam a2200157 a 4500
001 000044715
005 20201002045555.0
008 150107s2014 dr 000 0 spa d
040 _aDO-SdBNP
_bspa
_cBNPHU
082 _axxxxxx
_bxxxxxx
100 1 _aBaatista Ogando, Genara
_972714
245 1 3 _aLa abeja reyna y el galán abejón /
_cGenara Batista Ogando.
260 _aSanto Domingo :
_bUniversitaria, UASD,
_c2014.
300 _a30 p. ;
_c21 cm.
500 _aIncluye datos biográficos del autor en la contracubierta
999 _c44204
_d44204